000 00365pam a2200157a 44500
008 230515b1996 xxu||||| |||| 00| 0 eng d
020 _aNULL
041 _aENG
082 _a616
100 _aJOSEPH A. ALBANESE
245 _aMOSBYS 1996 NURSING DRUG CARDS
250 _a0
260 _aNULL
_b"MOSBEY YEAR BOOK , ND,"
_c1996
300 _a380
650 _aN.D.
999 _c521180
_d521180